[Event "Junior Online 4NCL Division 5"]
[Site "online"]
[Date "2021.04.15"]
[EventDate "2021.04.15"]
[Round "7.138"]
[White "Govindu, Aashrith Reddy"]
[WhiteElo "989"]
[WhiteTeam "Manchester Juniors F"]
[Black "Harris, Callum"]
[BlackElo "1383"]
[BlackTeam "Wolfpack Juniors"]
[Result "0-1"]
[PlyCount "120"]

1. e4 e5 2. Nf3 Nc6 3. Nc3 Bc5 4. Bc4 d6 5. h3 Nf6 6. d3 h6 7. Bd2 Qe7 8. Bd5 Nxd5 9. Nxd5 Qd8 10. Bc3 Be6 11. Qd2 Bxd5 12. exd5 Ne7 13. Bb4 Nxd5 14. Bxc5 dxc5 15. Nxe5 Qe7 16. Qe2 Nf4 17. Qe4 Nh5 18. O-O Nf6 19. Qe3 O-O 20. Ng4 Qxe3 21. Nxe3 Rfe8 22. Nf5 Re5 23. Nh4 Rae8 24. Nf3 R5e7 25. Rae1 Rxe1 26. Rxe1 Rxe1+ 27. Nxe1 Nd5 28. c4 Nf4 29. g3 Nxh3+ 30. Kh2 Ng5 31. Nc2 Nf3+ 32. Kg2 Nd4 33. Nxd4 cxd4 34. b3 f5 35. Kf3 g5 36. Kg2 Kf7 37. a4 Ke6 38. b4 c6 39. b5 cxb5 40. cxb5 Ke5 41. a5 f4 42. gxf4+ Kxf4 43. Kf1 Kf3 44. b6 axb6 45. axb6 h5 46. Ke1 h4 47. Kf1 h3 48. Kg1 g4 49. Kh1 Kxf2 50. Kh2 g3+ 51. Kxh3 g2 52. Kg4 g1=Q+ 53. Kf5 Qg7 54. Ke4 Qd7 55. Ke5 Ke3 56. Kf6 Qe8 57. Kg5 Qf7 58. Kh4 Qg6 59. Kh3 Kf3 60. Kh4 Qg4# 0-1

[Event "Junior Online 4NCL Division 5"]
[Site "online"]
[Date "2021.04.15"]
[EventDate "2021.04.15"]
[Round "7.141"]
[White "Moisey, Joshua"]
[WhiteElo "1205"]
[WhiteTeam "KJCA Young Kestrels G"]
[Black "Mukherjee, Abhijay"]
[BlackElo "1401"]
[BlackTeam "Chess Challengers G"]
[Result "1-0"]
[PlyCount "57"]

1. e4 e5 2. Nf3 Nc6 3. Bc4 h6 4. Nc3 Bc5 5. O-O d6 6. h3 Nf6 7. d3 O-O 8. a3 a6 9. b4 Ba7 10. Bd5 Nxd5 11. Nxd5 Be6 12. d4 Bxd5 13. exd5 Nxd4 14. Nxd4 exd4 15. Bb2 Qf6 16. Qg4 Qe5 17. Rad1 c5 18. bxc5 dxc5 19. Rfe1 Qxd5 20. c3 Qa2 21. Bc1 dxc3 22. Bxh6 g6 23. Bxf8 Kxf8 24. Qf4 c4 25. Qd6+ Kg7 26. Qf4 Bb8 27. Qd4+ Kg8 28. Re8+ Kh7 29. Qh8# 1-0

[Event "Junior Online 4NCL Division 5"]
[Site "online"]
[Date "2021.04.15"]
[EventDate "2021.04.15"]
[Round "7.142"]
[White "Nikam, Arya"]
[WhiteElo "1337"]
[WhiteTeam "Chess Challengers G"]
[Black "Heard, Ben"]
[BlackElo "1253"]
[BlackTeam "KJCA Young Kestrels G"]
[Result "0-1"]
[PlyCount "52"]

1. Nc3 d5 2. Nf3 Nc6 3. d4 Nf6 4. Bf4 Bf5 5. e3 a6 6. Bd3 Bg6 7. Bxg6 hxg6 8. O-O Qd7 9. Qe2 O-O-O 10. e4 Nxe4 11. Nxe4 dxe4 12. Qxe4 Nxd4 13. Nxd4 Qxd4 14. Qxd4 Rxd4 15. Be3 Rdh4 16. Bf4 Rxf4 17. g3 Rf5 18. Rad1 e6 19. b4 Bxb4 20. Rd3 Rd8 21. Rb3 Bc5 22. Rc3 Rd2 23. Re1 Bxf2+ 24. Kf1 Bxe1+ 25. Kxe1 Rxh2 26. Kd1 Rf1# 0-1

[Event "Junior Online 4NCL Division 5"]
[Site "online"]
[Date "2021.04.15"]
[EventDate "2021.04.15"]
[Round "7.143"]
[White "Oprea, Lucas"]
[WhiteElo "1214"]
[WhiteTeam "KJCA Young Kestrels G"]
[Black "Jain, Aarnav"]
[BlackElo "1250"]
[BlackTeam "Chess Challengers G"]
[Result "0-1"]
[PlyCount "128"]

1. e4 e5 2. Nf3 Nc6 3. Nc3 Nf6 4. Bb5 Bb4 5. Bxc6 dxc6 6. a3 Bxc3 7. dxc3 Qxd1+ 8. Kxd1 Nxe4 9. Ke1 f6 10. Nd2 Nxd2 11. Bxd2 O-O 12. b3 Bf5 13. Rc1 a5 14. b4 axb4 15. axb4 Ra2 16. Ke2 Rxc2 17. Rxc2 Bxc2 18. Rc1 Be4 19. f3 Bd5 20. c4 Be6 21. b5 cxb5 22. cxb5 Rc8 23. Ba5 b6 24. Bb4 Bd7 25. Rb1 Bxb5+ 26. Kd2 Bd7 27. Ke3 c5 28. Ba3 b5 29. Rd1 b4 30. Bxb4 cxb4 31. Rxd7 b3 32. Rb7 Rc3+ 33. Kd2 Rc2+ 34. Kd3 Rxg2 35. Rxb3 Rxh2 36. Ke4 Kf7 37. Rb7+ Kg6 38. Rb1 Rh4+ 39. Ke3 f5 40. Rb6+ Kg5 41. Rb1 e4 42. Rg1+ Kh5 43. f4 Rg4 44. Rh1+ Kg6 45. Rh3 h5 46. Rh1 h4 47. Rd1 h3 48. Rh1 Rg3+ 49. Kf2 Rf3+ 50. Ke2 Kh5 51. Rg1 Kh4 52. Rxg7 h2 53. Rh7+ Kg3 54. Rg7+ Kh3 55. Rh7+ Kg2 56. Rg7+ Kh1 57. Rg5 Rxf4 58. Ke3 Rg4 59. Rxg4 fxg4 60. Kxe4 Kg2 61. Kf4 g3 62. Kg4 h1=Q 63. Kf4 Qh4+ 64. Ke3 Kf1 0-1

[Event "Junior Online 4NCL Division 5"]
[Site "online"]
[Date "2021.04.15"]
[EventDate "2021.04.15"]
[Round "7.144"]
[White "Botnari, Sofia"]
[WhiteElo "1243"]
[WhiteTeam "Chess Challengers G"]
[Black "Yuan, Ryan"]
[BlackElo "1142"]
[BlackTeam "KJCA Young Kestrels G"]
[Result "0-1"]
[PlyCount "70"]

1. e4 e5 2. Bc4 Nf6 3. Qf3 Nc6 4. g4 Nd4 5. Qd1 Nxe4 6. c3 Qh4 7. Nh3 Qxh3 8. cxd4 Qg2 9. Rf1 exd4 10. g5 Nxg5 11. f4 Qe4+ 12. Be2 Ne6 13. d3 Qc6 14. f5 Nc5 15. Bf3 d5 16. f6 Qxf6 17. Bxd5 Qh4+ 18. Rf2 Be6 19. Bxe6 Nxe6 20. Qa4+ c6 21. Qc4 Bc5 22. b3 b5 23. Qc2 Bb4+ 24. Bd2 Bxd2+ 25. Kxd2 Qxf2+ 26. Kc1 Qf4+ 27. Kb2 c5 28. b4 O-O 29. bxc5 Rac8 30. Qb3 Qxh2+ 31. Ka3 Nxc5 32. Qxb5 Qd6 33. Nd2 Nxd3+ 34. Ka4 Rc3 35. Ne4 Ra3# 0-1

[Event "Junior Online 4NCL Division 5"]
[Site "online"]
[Date "2021.04.15"]
[EventDate "2021.04.15"]
[Round "7.145"]
[White "Mukherjee, Abhijay"]
[WhiteElo "1401"]
[WhiteTeam "Chess Challengers G"]
[Black "Moisey, Joshua"]
[BlackElo "1205"]
[BlackTeam "KJCA Young Kestrels G"]
[Result "0-1"]
[PlyCount "56"]

1. e4 e5 2. Nf3 Nf6 3. Bc4 Nc6 4. Nc3 Bc5 5. h3 O-O 6. d3 h6 7. O-O d6 8. a3 a6 9. b4 Bd4 10. Nxd4 exd4 11. Nd5 Nxd5 12. exd5 Ne5 13. Ba2 b5 14. c4 bxc4 15. dxc4 c5 16. bxc5 dxc5 17. Qc2 Qh4 18. Re1 Ng6 19. Bb1 Bd7 20. Re4 Bf5 21. Qe2 Bxe4 22. Bxe4 Rfe8 23. f3 f5 24. Qc2 fxe4 25. fxe4 Rxe4 26. Bd2 Re2 27. Qd3 Qf2+ 28. Kh1 Qxg2# 0-1

[Event "Junior Online 4NCL Division 5"]
[Site "online"]
[Date "2021.04.15"]
[EventDate "2021.04.15"]
[Round "7.146"]
[White "Heard, Ben"]
[WhiteElo "1253"]
[WhiteTeam "KJCA Young Kestrels G"]
[Black "Nikam, Arya"]
[BlackElo "1337"]
[BlackTeam "Chess Challengers G"]
[Result "1-0"]
[PlyCount "41"]

1. e4 e5 2. Nf3 Nc6 3. Nc3 Nf6 4. d4 d5 5. Bd3 Bb4 6. exd5 Nxd5 7. Bd2 Nxd4 8. Nxd4 exd4 9. Nxd5 Bxd2+ 10. Qxd2 Qxd5 11. O-O-O O-O 12. b3 Bg4 13. f3 Bh5 14. g4 Bg6 15. f4 f5 16. Bc4 Qf7 17. Bxf7+ Rxf7 18. Qxd4 Rff8 19. Rhg1 h5 20. gxh5 Bxh5 21. Qxg7# 1-0

[Event "Junior Online 4NCL Division 5"]
[Site "online"]
[Date "2021.04.15"]
[EventDate "2021.04.15"]
[Round "7.147"]
[White "Jain, Aarnav"]
[WhiteElo "1250"]
[WhiteTeam "Chess Challengers G"]
[Black "Oprea, Lucas"]
[BlackElo "1214"]
[BlackTeam "KJCA Young Kestrels G"]
[Result "1-0"]
[PlyCount "47"]

1. e4 e5 2. Nf3 Nf6 3. Nxe5 Qe7 4. d4 d6 5. Nf3 Qxe4+ 6. Be3 Ng4 7. Qd2 Nxe3 8. fxe3 Qe7 9. Bd3 Bd7 10. O-O Bc6 11. Bc4 b5 12. Bb3 d5 13. Nc3 b4 14. Nxd5 Bxd5 15. Bxd5 c6 16. Bb3 Nd7 17. Ne1 Nb8 18. Bxf7+ Kd8 19. d5 cxd5 20. Qxd5+ Nd7 21. Qxa8+ Kc7 22. Qxa7+ Kd6 23. a4 Qxe3+ 24. Qxe3 1-0

[Event "Junior Online 4NCL Division 5"]
[Site "online"]
[Date "2021.04.15"]
[EventDate "2021.04.15"]
[Round "7.148"]
[White "Yuan, Ryan"]
[WhiteElo "1142"]
[WhiteTeam "KJCA Young Kestrels G"]
[Black "Botnari, Sofia"]
[BlackElo "1243"]
[BlackTeam "Chess Challengers G"]
[Result "1-0"]
[PlyCount "27"]

1. d4 e5 2. dxe5 Bc5 3. Nc3 Qh4 4. g3 Qe7 5. Nf3 f6 6. exf6 Qxf6 7. Bg2 g5 8. O-O g4 9. Nh4 Qg7 10. e4 Nf6 11. Nf5 Qg6 12. e5 Ng8 13. Be4 Qh5 14. Ng7+ 1-0

[Event "Junior Online 4NCL Division 5"]
[Site "online"]
[Date "2021.04.15"]
[EventDate "2021.04.15"]
[Round "7.151"]
[White "Shah, Rohan"]
[WhiteElo "1437"]
[WhiteTeam "Edgware Gambits Forks"]
[Black "Jinturkar, Paras"]
[BlackElo "1000"]
[BlackTeam "KEGS C"]
[Result "0-1"]
[PlyCount "74"]

1. d4 e5 2. dxe5 Bc5 3. Nf3 d6 4. exd6 Ne7 5. Nc3 Bxd6 6. e3 Bf5 7. e4 Bg4 8. Bc4 Bxf3 9. Qxf3 O-O 10. O-O Ng6 11. Re1 Nh4 12. Qg4 Bc5 13. Bg5 Qd4 14. Bxh4 Qxc4 15. Bf6 g6 16. b3 Qe6 17. Qh4 Nd7 18. e5 a5 19. Nb5 Bb6 20. c4 h6 21. Qxh6 Nxf6 22. exf6 Qxf6 23. Rac1 Bxf2+ 24. Kh1 Bxe1 25. Rxe1 Rfe8 26. Rxe8+ Rxe8 27. Qc1 Qb2 28. Qd1 Qe5 29. h3 c6 30. Na7 Ra8 31. a4 Rxa7 32. Qd8+ Kg7 33. Qb6 Ra8 34. Qxb7 Re8 35. Qxc6 Qb8 36. Qf3 Re1+ 37. Qf1 Rxf1# 0-1

[Event "Junior Online 4NCL Division 5"]
[Site "online"]
[Date "2021.04.15"]
[EventDate "2021.04.15"]
[Round "7.153"]
[White "Kantaria, Shivam"]
[WhiteElo "1000"]
[WhiteTeam "Edgware Gambits Forks"]
[Black "Owen, Joshua"]
[BlackElo "1038"]
[BlackTeam "KEGS C"]
[Result "0-1"]
[PlyCount "20"]

1. e4 e5 2. Nf3 Nc6 3. Bc4 Nd4 4. Nxe5 Qg5 5. O-O Qxe5 6. Qf3 Nxf3+ 7. gxf3 d6 8. Nc3 d5 9. exd5 Bd6 10. d3 Qxh2# 0-1

[Event "Junior Online 4NCL Division 5"]
[Site "online"]
[Date "2021.04.15"]
[EventDate "2021.04.15"]
[Round "7.154"]
[White "Siriwardana, Neil"]
[WhiteElo "904"]
[WhiteTeam "KEGS C"]
[Black "Zhu, Xiaocheng"]
[BlackElo "900"]
[BlackTeam "Edgware Gambits Forks"]
[Result "0-1"]
[PlyCount "70"]

1. e4 e5 2. Nc3 Nf6 3. Nf3 Nc6 4. d3 d6 5. Be2 Be7 6. O-O O-O 7. Be3 Bg4 8. d4 exd4 9. Bxd4 d5 10. exd5 Nxd5 11. Nxd5 Qxd5 12. Bxg7 Bxf3 13. Bxf8 Bxf8 14. Bxf3 Qf5 15. Bg4 Qf6 16. Bh5 Re8 17. Qg4+ Bg7 18. f3 Re2 19. f4 Rxc2 20. Qc8+ Nd8 21. Rad1 Rxb2 22. Rxd8+ Bf8 23. Rxf8+ Kg7 24. Rg8+ Kh6 25. Qg4 Rxa2 26. f5 Ra6 27. Rf3 c5 28. Rh3 Ra1+ 29. Kf2 Qb2+ 30. Kg3 Ra3+ 31. Kh4 Rxh3+ 32. Qxh3 Qb4+ 33. Rg4 Qe1+ 34. g3 Qe7+ 35. Rg5 Qxg5# 0-1

[Event "Junior Online 4NCL Division 5"]
[Site "online"]
[Date "2021.04.15"]
[EventDate "2021.04.15"]
[Round "7.155"]
[White "Jinturkar, Paras"]
[WhiteElo "1000"]
[WhiteTeam "KEGS C"]
[Black "Shah, Rohan"]
[BlackElo "1437"]
[BlackTeam "Edgware Gambits Forks"]
[Result "1/2-1/2"]
[PlyCount "61"]

1. e4 e5 2. Nf3 Nf6 3. Nxe5 Nc6 4. Nxc6 dxc6 5. d3 Bc5 6. Bg5 Nxe4 7. dxe4 Qxg5 8. Nc3 Qf6 9. Qe2 O-O 10. e5 Qf5 11. g4 Qg5 12. Ne4 Bb4+ 13. c3 Qxe5 14. cxb4 Re8 15. f3 Bxg4 16. fxg4 Qxe4 17. Qxe4 Rxe4+ 18. Be2 Rae8 19. Rd1 Rxe2+ 20. Kf1 Rxb2 21. a3 h6 22. h4 Ree2 23. g5 Rf2+ 24. Kg1 Rg2+ 25. Kf1 Rbf2+ 26. Ke1 Re2+ 27. Kf1 Ref2+ 28. Ke1 Re2+ 29. Kf1 Rgf2+ 30. Kg1 Rg2+ 31. Kf1 1/2-1/2

[Event "Junior Online 4NCL Division 5"]
[Site "online"]
[Date "2021.04.15"]
[EventDate "2021.04.15"]
[Round "7.157"]
[White "Owen, Joshua"]
[WhiteElo "1038"]
[WhiteTeam "KEGS C"]
[Black "Kantaria, Shivam"]
[BlackElo "1000"]
[BlackTeam "Edgware Gambits Forks"]
[Result "0-1"]
[PlyCount "38"]

1. e4 e5 2. Nf3 Nc6 3. Bc4 Nf6 4. Nc3 d5 5. exd5 Bg4 6. O-O Ng8 7. h3 Bf5 8. d4 Qf6 9. Bg5 Qg6 10. Bb5 h6 11. Bh4 Bxh3 12. Ne1 Be7 13. Kh1 Bxh4 14. gxh3 O-O-O 15. Rg1 Qf5 16. dxe5 Bxf2 17. Rf1 Nxe5 18. Nd3 Nxd3 19. Bxd3 Qxh3# 0-1

[Event "Junior Online 4NCL Division 5"]
[Site "online"]
[Date "2021.04.15"]
[EventDate "2021.04.15"]
[Round "7.158"]
[White "Zhu, Xiaocheng"]
[WhiteElo "900"]
[WhiteTeam "Edgware Gambits Forks"]
[Black "Siriwardana, Neil"]
[BlackElo "904"]
[BlackTeam "KEGS C"]
[Result "0-1"]
[PlyCount "46"]

1. e4 e5 2. Nf3 Nc6 3. Nc3 Nf6 4. Bc4 d6 5. d3 Be7 6. Bg5 O-O 7. O-O Be6 8. Bxe6 fxe6 9. Bxf6 Bxf6 10. Qe2 Nd4 11. Nxd4 exd4 12. Nb5 e5 13. Qd2 h6 14. Qa5 b6 15. Qa6 d5 16. exd5 Qxd5 17. Qb7 Qxb7 18. Na3 Be7 19. Rfe1 Bxa3 20. bxa3 Rfe8 21. Re2 Re6 22. Rae1 Rg6 23. Rxe5 Qxg2# 0-1

[Event "Junior Online 4NCL Division 5"]
[Site "online"]
[Date "2021.04.15"]
[EventDate "2021.04.15"]
[Round "7.161"]
[White "Wood, Gabriel"]
[WhiteElo "1330"]
[WhiteTeam "Hull & York Knights"]
[Black "Bradshaw, Sam"]
[BlackElo "902"]
[BlackTeam "JHJ Shark Tank 9"]
[Result "1-0"]
[PlyCount "101"]

1. e4 e5 2. Nf3 Nc6 3. Bc4 Nf6 4. Ng5 Bc5 5. Nxf7 Bxf2+ 6. Kxf2 Nxe4+ 7. Kg1 Qh4 8. Qf3 Nd4 9. Qf1 Qg4 10. Nxh8 Nf6 11. Bd3 Nc6 12. Qf3 Qd4+ 13. Qe3 Qg4 14. Be2 Qb4 15. Qg5 Qd4+ 16. Kf1 Ne4 17. Bh5+ g6 18. Bxg6+ hxg6 19. Qxg6+ Ke7 20. Qf7+ Kd6 21. Qf8+ Kd5 22. Nc3+ Nxc3 23. dxc3 Qd1+ 24. Kf2 Qxh1 25. c4+ Kxc4 26. b3+ Kb5 27. c4+ Kb6 28. Be3+ Ka6 29. Rxh1 d6 30. a4 Nb4 31. Qf3 Bg4 32. Qxg4 Rf8+ 33. Ke2 Rxh8 34. Qg7 Rh4 35. Qxc7 Re4 36. Qxd6+ b6 37. c5 Nc2 38. Qd3+ b5 39. Qd6+ Ka5 40. Qd2+ Ka6 41. Qxc2 Rb4 42. axb5+ Kxb5 43. c6 Ka6 44. c7 Ka5 45. Qc5+ Ka6 46. Qxb4 e4 47. Qd6+ Ka5 48. Qc5+ Ka6 49. Qxa7+ Kb5 50. Qc5+ Ka6 51. Qb6# 1-0

[Event "Junior Online 4NCL Division 5"]
[Site "online"]
[Date "2021.04.15"]
[EventDate "2021.04.15"]
[Round "7.162"]
[White "Bradshaw, Cleo"]
[WhiteElo "974"]
[WhiteTeam "JHJ Shark Tank 9"]
[Black "Leatham, Bertie"]
[BlackElo "1206"]
[BlackTeam "Hull & York Knights"]
[Result "0-1"]
[PlyCount "58"]

1. e4 e5 2. f4 exf4 3. Nf3 Nf6 4. d4 Nh5 5. Bd3 g6 6. g4 fxg3 7. hxg3 Bg7 8. Bf4 d6 9. Nbd2 O-O 10. Qe2 Bg4 11. Qe3 Re8 12. O-O-O d5 13. e5 Nc6 14. Nb3 Nb4 15. Nc5 Nxa2+ 16. Kb1 Nb4 17. Bb5 c6 18. Bd3 Qb6 19. Ng5 a5 20. Rde1 a4 21. Nd7 Qc7 22. Nf6+ Nxf6 23. exf6 Rxe3 24. Rxe3 Qb6 25. fxg7 Kxg7 26. Rxh7+ Kg8 27. Re7 a3 28. bxa3 Nxd3+ 29. Ka2 Qb2# 0-1

[Event "Junior Online 4NCL Division 5"]
[Site "online"]
[Date "2021.04.15"]
[EventDate "2021.04.15"]
[Round "7.163"]
[White "Taylor, Kai"]
[WhiteElo "1100"]
[WhiteTeam "Hull & York Knights"]
[Black "Broachi, Zain"]
[BlackElo "894"]
[BlackTeam "JHJ Shark Tank 9"]
[Result "0-1"]
[PlyCount "64"]

1. e4 e5 2. Nf3 Nc6 3. Bb5 a6 4. Bc4 b5 5. Bd5 Nf6 6. Bb3 Nxe4 7. Ng5 Nxg5 8. O-O Bd6 9. Nc3 e4 10. Re1 O-O 11. d4 b4 12. Bxg5 Qxg5 13. Nxe4 Qh6 14. d5 Qxh2+ 15. Kf1 Ne5 16. Nxd6 cxd6 17. c3 a5 18. cxb4 Ba6+ 19. Re2 Bxe2+ 20. Qxe2 axb4 21. Qb5 Qh1+ 22. Ke2 Qxa1 23. Qxd7 Qxb2+ 24. Ke3 Nxd7 25. Ba4 Rxa4 26. f4 Qxa2 27. Ke4 Qc4+ 28. Kf5 b3 29. g4 b2 30. g5 b1=Q+ 31. Kg4 Qxf4+ 32. Kh5 Qg6# 0-1

[Event "Junior Online 4NCL Division 5"]
[Site "online"]
[Date "2021.04.15"]
[EventDate "2021.04.15"]
[Round "7.164"]
[White "Singh-Raj, Aryan"]
[WhiteElo "858"]
[WhiteTeam "JHJ Shark Tank 9"]
[Black "Meyers, Grace"]
[BlackElo "1023"]
[BlackTeam "Hull & York Knights"]
[Result "1-0"]
[PlyCount "119"]

1. e4 e5 2. d4 Nc6 3. Nf3 Bd6 4. Bg5 f6 5. Be3 b6 6. dxe5 fxe5 7. Bg5 Be7 8. Bxe7 Ngxe7 9. Bc4 Bb7 10. Nc3 Ng6 11. Qd5 Qe7 12. Nb5 O-O-O 13. Qf7 Qxf7 14. Bxf7 Nge7 15. Bd5 d6 16. Bxc6 Bxc6 17. Nxa7+ Kb8 18. Nxc6+ Nxc6 19. O-O d5 20. exd5 Rxd5 21. Rad1 Rhd8 22. Rxd5 Rxd5 23. c4 Rc5 24. b3 h6 25. Nd2 b5 26. Ne4 Rxc4 27. bxc4 bxc4 28. Rc1 Na5 29. Nd2 c3 30. Rxc3 Kb7 31. Rc5 Nc6 32. Nc4 Nd4 33. Rxe5 g5 34. Rd5 Ne2+ 35. Kf1 Nf4 36. Rb5+ Kc6 37. a4 Nd5 38. Ne5+ Kd6 39. Nf7+ Kc6 40. Nxh6 Kd6 41. Nf7+ Kd7 42. Rxd5+ Ke6 43. Rxg5 Kxf7 44. Rh5 Ke7 45. Rf5 Kd6 46. h4 c6 47. h5 c5 48. Rxc5 Kxc5 49. h6 Kb4 50. h7 Kxa4 51. h8=Q Kb4 52. g4 Kc4 53. g5 Kd3 54. g6 Kd2 55. g7 Kd3 56. g8=Q Kd2 57. Qd5+ Kc2 58. Qc8+ Kb2 59. Qb5+ Ka2 60. Qa8# 1-0

[Event "Junior Online 4NCL Division 5"]
[Site "online"]
[Date "2021.04.15"]
[EventDate "2021.04.15"]
[Round "7.165"]
[White "Bradshaw, Sam"]
[WhiteElo "902"]
[WhiteTeam "JHJ Shark Tank 9"]
[Black "Wood, Gabriel"]
[BlackElo "1330"]
[BlackTeam "Hull & York Knights"]
[Result "1/2-1/2"]
[PlyCount "62"]

1. e4 e5 2. Bc4 Nc6 3. Nf3 Bc5 4. Nc3 Nf6 5. d3 d6 6. Bg5 h6 7. Bh4 Be6 8. Bd5 Nd4 9. Nxd4 Bxd4 10. Bxb7 Rb8 11. Bc6+ Bd7 12. Bxd7+ Qxd7 13. Bxf6 gxf6 14. Nd5 Qc6 15. Nxf6+ Kf8 16. O-O Rxb2 17. Rb1 Qb5 18. Rxb2 Qxb2 19. Nd7+ Ke7 20. Qg4 Qxc2 21. Qf5 Qxd3 22. Qf6+ Kxd7 23. Qxh8 c5 24. Qxh6 c4 25. Qh7 c3 26. Qxf7+ Kc6 27. Qd5+ Kd7 28. Qb7+ Ke6 29. Qd5+ Kd7 30. Qf7+ Kc6 31. Qd5+ Kd7 1/2-1/2

[Event "Junior Online 4NCL Division 5"]
[Site "online"]
[Date "2021.04.15"]
[EventDate "2021.04.15"]
[Round "7.166"]
[White "Leatham, Bertie"]
[WhiteElo "1206"]
[WhiteTeam "Hull & York Knights"]
[Black "Bradshaw, Cleo"]
[BlackElo "974"]
[BlackTeam "JHJ Shark Tank 9"]
[Result "1-0"]
[PlyCount "69"]

1. e4 e5 2. Nf3 Nc6 3. Bc4 Nd4 4. Nxd4 exd4 5. O-O Nf6 6. c3 dxc3 7. dxc3 Bc5 8. Re1 d6 9. Bg5 h6 10. Bh4 g5 11. Bg3 Bg4 12. Qd2 Qe7 13. e5 dxe5 14. Rxe5 Qxe5 15. Bxe5 Ne4 16. Qc2 Rd8 17. Na3 Bxf2+ 18. Kh1 Ng3+ 19. Bxg3 Bxg3 20. hxg3 O-O 21. Qg6+ Kh8 22. Qxh6+ Kg8 23. Qxg5+ Kh7 24. Qxg4 Rg8 25. Qh5+ Kg7 26. Qxf7+ Kh6 27. Qf4+ Kh7 28. Qh4+ Kg7 29. Bxg8 Rxg8 30. Qg4+ Kf8 31. Rf1+ Ke8 32. Qxg8+ Kd7 33. Qg6 Kd8 34. Rf7 Ke8 35. Qg8# 1-0

[Event "Junior Online 4NCL Division 5"]
[Site "online"]
[Date "2021.04.15"]
[EventDate "2021.04.15"]
[Round "7.167"]
[White "Broachi, Zain"]
[WhiteElo "894"]
[WhiteTeam "JHJ Shark Tank 9"]
[Black "Taylor, Kai"]
[BlackElo "1100"]
[BlackTeam "Hull & York Knights"]
[Result "0-1"]
[PlyCount "88"]

1. e4 e5 2. Nf3 Nc6 3. Bc4 Bb4 4. c3 Bc5 5. b4 Bb6 6. d3 Nf6 7. Bg5 O-O 8. d4 exd4 9. cxd4 Nxb4 10. e5 Nfd5 11. Bxd8 Rxd8 12. a3 Nc6 13. Ng5 Bxd4 14. Qc2 Bxa1 15. Qxh7+ Kf8 16. Qh8+ Ke7 17. Qxg7 Nxe5 18. Qxe5+ Bxe5 19. Bxd5 Rf8 20. O-O Bf4 21. Re1+ Kd6 22. Bc4 Bxg5 23. Rd1+ Kc5 24. Bb3 d5 25. Rxd5+ Kc6 26. Rxg5 Re8 27. h3 Re1+ 28. Kh2 Rxb1 29. Bd5+ Kd7 30. Be4 Ra1 31. Bf5+ Ke7 32. h4 Bxf5 33. Rxf5 Rxa3 34. Re5+ Kf6 35. Re4 Rd8 36. g4 Rd2 37. g5+ Kf5 38. Rb4 Rxf2+ 39. Kg1 Rd2 40. Rb5+ Kg6 41. h5+ Kxh5 42. g6+ Kh6 43. gxf7 Ra1+ 44. Rb1 Rxb1# 0-1

[Event "Junior Online 4NCL Division 5"]
[Site "online"]
[Date "2021.04.15"]
[EventDate "2021.04.15"]
[Round "7.168"]
[White "Meyers, Grace"]
[WhiteElo "1023"]
[WhiteTeam "Hull & York Knights"]
[Black "Singh-Raj, Aryan"]
[BlackElo "858"]
[BlackTeam "JHJ Shark Tank 9"]
[Result "0-1"]
[PlyCount "70"]

1. e4 c5 2. Bc4 Nc6 3. Nf3 d6 4. h3 f6 5. O-O e5 6. Nc3 Nge7 7. d3 g6 8. b3 Bg7 9. Bb2 f5 10. Re1 Nd4 11. Nxd4 cxd4 12. Nd5 Nxd5 13. Bxd5 Qg5 14. Bc1 Qd8 15. Bb2 Qb6 16. Re2 fxe4 17. Rxe4 Bf5 18. Re2 O-O-O 19. Qf1 Kb8 20. Rae1 Qa5 21. Ra1 Qxd5 22. c4 Qc6 23. Qe1 Bxd3 24. Rd2 e4 25. a4 d5 26. cxd5 Qxd5 27. Ra3 Ba6 28. Qd1 h5 29. b4 g5 30. Rb3 Bc4 31. Ra3 Qe5 32. f3 exf3 33. Rxf3 g4 34. hxg4 hxg4 35. Rff2 Qh2# 0-1

[Event "Junior Online 4NCL Division 5"]
[Site "online"]
[Date "2021.04.15"]
[EventDate "2021.04.15"]
[Round "7.171"]
[White "Sridharan, Rithvik"]
[WhiteElo "1475"]
[WhiteTeam "Chess Challengers D"]
[Black "Marshall, Wilfred"]
[BlackElo "887"]
[BlackTeam "Barnet Knights G"]
[Result "0-1"]
[PlyCount "124"]

1. e4 c5 2. Nf3 e6 3. c4 d5 4. cxd5 exd5 5. exd5 Qxd5 6. Nc3 Qd8 7. d4 cxd4 8. Nxd4 Bc5 9. Nb3 Qxd1+ 10. Nxd1 Bb6 11. Nc3 Nf6 12. Bf4 O-O 13. Bc4 Re8+ 14. Ne2 Nc6 15. O-O Bg4 16. Nc3 Ne4 17. Nxe4 Rxe4 18. g3 Rxc4 19. Be3 Bxe3 20. fxe3 Ne5 21. Kg2 Rc2+ 22. Rf2 Bf3+ 23. Kf1 Rc7 24. Nd4 Rd8 25. Nxf3 Nd3 26. Rg2 Nb4 27. Re2 g6 28. a3 Nd5 29. e4 Nf6 30. Ng5 h6 31. Nf3 Re7 32. e5 Nd5 33. Rd1 Ne3+ 34. Rxe3 Rxd1+ 35. Kf2 Rb1 36. b4 Rb2+ 37. Ke1 f6 38. h4 fxe5 39. Nxe5 Rb1+ 40. Kd2 Kg7 41. Kd3 Rb3+ 42. Kd4 Rxe3 43. Kxe3 Rxe5+ 44. Kd4 Re1 45. Kc5 Rc1+ 46. Kb5 Rc6 47. Ka4 Ra6+ 48. Kb5 Rxa3 49. Kc4 Rxg3 50. Kb5 Rg4 51. h5 gxh5 52. Kc5 h4 53. Kd5 h3 54. Ke5 h2 55. Kf5 Rg1 56. Kf4 h1=Q 57. Ke3 Re1+ 58. Kf2 Qf1+ 59. Kg3 Re3+ 60. Kg4 Qf3+ 61. Kh4 Re5 62. b5 Rh5# 0-1

[Event "Junior Online 4NCL Division 5"]
[Site "online"]
[Date "2021.04.15"]
[EventDate "2021.04.15"]
[Round "7.172"]
[White "Thompson, Alex"]
[WhiteElo "844"]
[WhiteTeam "Barnet Knights G"]
[Black "Karadkar, Aryan"]
[BlackElo "1390"]
[BlackTeam "Chess Challengers D"]
[Result "0-1"]
[PlyCount "114"]

1. e4 d5 2. d3 dxe4 3. Nc3 exd3 4. Bxd3 Nf6 5. Nf3 Bg4 6. Bg5 h6 7. Bxf6 exf6 8. Qe2+ Qe7 9. Nd5 Qxe2+ 10. Bxe2 Bd6 11. Rd1 O-O 12. Ne3 Bxf3 13. Bxf3 c6 14. Nf5 Be5 15. Ne7+ Kh8 16. Nf5 Na6 17. O-O Bxb2 18. Nd6 Nc5 19. Rb1 Be5 20. Nxb7 Nxb7 21. Rxb7 Rfb8 22. Bxc6 Rxb7 23. Bxb7 Rb8 24. Rb1 a5 25. a4 g5 26. Rb3 Kg7 27. Be4 Rd8 28. g3 Rd4 29. Bc6 Rc4 30. Bb5 Rxc2 31. Rf3 Bd4 32. Kg2 h5 33. h4 g4 34. Rf4 Be5 35. Re4 Ra2 36. Re3 Bd4 37. Re2 Rxe2 38. Bxe2 Kf8 39. Kf1 f5 40. Ke1 f6 41. f3 gxf3 42. Bxf3 Be5 43. Kf2 Ke7 44. Bxh5 Kd6 45. Bg4 fxg4 46. Ke3 f5 47. Kd3 Bxg3 48. Ke3 Bxh4 49. Kf4 Ke6 50. Ke3 Ke5 51. Ke2 Kf4 52. Kf1 g3 53. Kg2 Kg4 54. Kg1 f4 55. Kg2 f3+ 56. Kg1 f2+ 57. Kh1 f1=Q# 0-1

[Event "Junior Online 4NCL Division 5"]
[Site "online"]
[Date "2021.04.15"]
[EventDate "2021.04.15"]
[Round "7.173"]
[White "Singh, Nihal"]
[WhiteElo "1450"]
[WhiteTeam "Chess Challengers D"]
[Black "Finlay Fox, George"]
[BlackElo "800"]
[BlackTeam "Barnet Knights G"]
[Result "1-0"]
[PlyCount "55"]

1. e4 e5 2. Nf3 Nf6 3. Nc3 Bd6 4. Bc4 O-O 5. h3 Be7 6. d3 d5 7. exd5 e4 8. dxe4 Qe8 9. e5 Nfd7 10. O-O Nc5 11. Re1 Qd7 12. e6 Qd6 13. exf7+ Kh8 14. Nb5 Qa6 15. Nxc7 Qd6 16. Nxa8 Bd8 17. Be3 Qg6 18. g3 Bxh3 19. Bxc5 Bf6 20. Bxf8 Qxf7 21. Kh2 Qh5 22. Kg1 Kg8 23. Bc5 Bd8 24. d6+ Kh8 25. Bxa7 Bg4 26. Qe2 Bxf3 27. Qe8+ Qxe8 28. Rxe8# 1-0

[Event "Junior Online 4NCL Division 5"]
[Site "online"]
[Date "2021.04.15"]
[EventDate "2021.04.15"]
[Round "7.174"]
[White "Greenberg, Sam"]
[WhiteElo "600"]
[WhiteTeam "Barnet Knights G"]
[Black "Patel, Aashna"]
[BlackElo "1460"]
[BlackTeam "Chess Challengers D"]
[Result "0-1"]
[PlyCount "36"]

1. e4 e5 2. Nf3 Nf6 3. Nxe5 Nc6 4. Nxc6 dxc6 5. Nc3 Bc5 6. h3 Qd6 7. Bc4 b6 8. a3 Bb7 9. b4 Bd4 10. d3 Bxc3+ 11. Ke2 Bxa1 12. Bg5 Be5 13. Bxf6 Qxf6 14. c3 Bxc3 15. b5 c5 16. f3 Qh4 17. Qc1 Bd4 18. Rf1 Qg3 0-1